00682nam a22002057a 450000500170000000800410001702000180005804000180007608200180009424501070011225000120021926000490023130000330028065000270031365000290034065000410036970000230041070000220043370000210045520240406121520.0240224b ||||| |||| 00| 0 eng d a9780198850359 cAIMIT LIBRARY 2658.314aCOLD aOxford handbook of Talent Management /cedited by David G. Collings, Kamel Mellahi and Wayne F. Cascio aist ed. aNew York :bOxford University Press ,c2019. axxviii,575 p.;bPBc25.3 cm. aTalent and performance aPotential for leadership aManaging talent across organizations aCollings, David G. aMellahi, David G. aCascio, Wayne F.